000 00279nam a2200109Ia 4500
008 190216s9999||||xx |||||||||||||| ||und||
100 _a"Horace R Brock, Charles E Palmer
 Robert B Sweeney"
245 0 _aCost Accounting
260 _bNull
_c1980
300 _a408p
942 _cBK
999 _c4976
_d4976